| 000 | 00365nam a2200145Ia 4500 | ||
|---|---|---|---|
| 008 | 151213s9999 xx 000 0 und d | ||
| 100 | _aBernerd Shaw | ||
| 245 |
_aBack To Methuse _cBernerd Shaw |
||
| 260 |
_aLondon _bPenguing _c1954 |
||
| 300 | _a8494 p. | ||
| 650 | _aEnglish Literature | ||
| 650 | _aEnglish Literature | ||
| 700 | _aBernerd Shaw | ||
| 999 |
_c4331 _d4331 |
||